Portable Jung (Record no. 17666)

MARC details
000 -LEADER
fixed length control field 00494nam a2200217 a 4500
020 ## - INTERNATIONAL STANDARD BOOK NUMBER
ISBN
082 00 - DEWEY DECIMAL CLASSIFICATION NUMBER
Classification number 150
Author Cutter CAM
100 ## - MAIN ENTRY--AUTHOR NAME
Author name Campbell, Joseph
245 ## - TITLE STATEMENT
Title Portable Jung
260 ## - PUBLICATION, DISTRIBUTION, ETC. (IMPRINT)
Place of publication New York
Name of publisher Penguin Books
Year of publication 1971
300 ## - PHYSICAL DESCRIPTION
Number of Pages 704p
500 ## - GENERAL NOTE
General note includes index and biblioraphy
505 2# - FORMATTED CONTENTS NOTE
Formatted contents note Appendix
942 ## - ADDED ENTRY ELEMENTS (KOHA)
Koha item type Books
Holdings
Home library Current library Date acquired Cost, normal purchase price Full call number Accession Number Koha item type
Henry Martyn Institute Library Henry Martyn Institute Library 05/24/2005 0.00 150 CAM 11001257 E-Books
                   Copyright © 2026 | Henry Martyn Institute | Hyderabad | TS-500052 | INDIA | Implemented by hmi.edu.in
Hit-Count:

Powered by Koha